000 01493nam a2200301Ia 4500
999 _c39961
_d39961
001 6567
003 GE_BSU
005 20191023173242.0
008 181216s1940||||g |||||||||||||| ||geo||
040 _cGE_BSU
041 _ageo
080 _a821.353.1-1 ბ-58
100 _aბესიკი
_94960
245 _aთხზულებათა სრული კრებული :
_bტესტი, გამოკვლევა, შენიშვნები, ლექსიკონი /
_cბესიკი ; ბესარიონ გაბაშვილის, ალ. ბარამიძისა და ვ. თოფურიას რედაქციით.
250 _aმესამე გამოცემა
264 _aტფილისი :
_bფედერაცია ;
_c1940.
300 _a236გვ;22სმ.
490 _aქართული კლასიკური მწერლობა
653 _aთხზულებათა სრული კრებული
653 _aტესტი
653 _aგამოკვლევა
653 _aშენიშვნები
653 _aლექსიკონი
700 _aგაბაშვილი, ბესარიონ
_eრედაქტორი
_94967
700 _aბარამიძე, ალ.
_eრედაქტორი
_94433
700 _aთოფურია, ვ.
_eრედაქტორი
_91040
942 _cBK
_2udc